000 00534nam a22002057a 4500
999 _c1362
_d1362
003 OSt
005 20191119115121.0
008 150408b xxu||||| |||| 00| 0 eng d
040 _cDNLM
082 _aWP100 D32t 2003
100 _aDawn, C.S.
_93610
245 _aTextbook of Gynaecology: contraception and demography.
250 _a14th ed.
260 _aIndia;
_bDawn,
_c2003
300 _a256p;
_bcol.ill:
_c24cm
504 _aIndex included
650 _aGynaecology
_9330
650 _aContraception
_93494
942 _2z
_cO_SHELF